<?xml version="1.0" encoding="UTF-8"?>
<collection xmlns="http://www.loc.gov/MARC21/slim">
  <record>
    <leader>00000nam  2200000   4500</leader>
    <controlfield tag="001">INLIS000000000000178</controlfield>
    <controlfield tag="005">20190418095746</controlfield>
    <datafield tag="035" ind1="#" ind2="#">
      <subfield code="a">0010-0718000178</subfield>
    </datafield>
    <controlfield tag="008">190418################g##########0#ind##</controlfield>
    <datafield tag="020" ind1="#" ind2="#">
      <subfield code="a">9786027596542</subfield>
    </datafield>
    <datafield tag="041" ind1=" " ind2=" ">
      <subfield code="a">id</subfield>
    </datafield>
    <datafield tag="082" ind1="#" ind2="#">
      <subfield code="a">330</subfield>
    </datafield>
    <datafield tag="090" ind1=" " ind2=" ">
      <subfield code="a">333.751 5 His e</subfield>
    </datafield>
    <datafield tag="100" ind1=" " ind2="#">
      <subfield code="a">Hiscock, Geoff</subfield>
    </datafield>
    <datafield tag="245" ind1="1" ind2="#">
      <subfield code="a">Earth wars : Pertempuran memperebutkan sumber daya global /</subfield>
      <subfield code="c">Geoff Hiscock</subfield>
    </datafield>
    <datafield tag="250" ind1="#" ind2="#">
      <subfield code="a">Cet.1</subfield>
    </datafield>
    <datafield tag="260" ind1="#" ind2="#">
      <subfield code="a">Jakarta :</subfield>
      <subfield code="b">Peberbit Erlangga,</subfield>
      <subfield code="c">2012</subfield>
    </datafield>
    <datafield tag="300" ind1="#" ind2="#">
      <subfield code="a">xviii, 270 hlm. :</subfield>
      <subfield code="b">ilus ;</subfield>
      <subfield code="c">25 cm</subfield>
    </datafield>
    <datafield tag="650" ind1=" " ind2="#">
      <subfield code="a">Sumber Daya Alam</subfield>
    </datafield>
    <datafield tag="084" ind1="#" ind2="#">
      <subfield code="a">330 His e</subfield>
    </datafield>
    <datafield tag="520" ind1="#" ind2="#">
      <subfield code="a">Pangan , air energi dan logam adalah penggerak pertumbuhan industri, ekonomi, dan sosial. Dengan meningkatnya populasi dunia dan semakin kerasnya suara yang mentut standar hidup yang ;lebih tinggi, semakin ketat juga persaingan terhadap sumber daya. Namun apakah itu air dari Sungai Nil, beras dari Delta Sungai Mekong, minyak dari Timur Tengah, batu bara dari Afrika, gas dari Rusia, tanah langka dari Cina, bijih besi dari pedalaman Australia, uranium dari Kazakhstan, atau shale dari Amerika Utara, sumber-sumber daya ini, bahkan beberapa di antaranya yang dianggap "tiada habisnya", ternyata terbatas dan berharga. Selama berabad-abad, Barat telah mengontrol sebagian besar aliran sumber daya, namun kini Cina, India, Rusia, Brazil, Indonesia, Turki, Iran dan sejumlah besar negara lain menginginkan bagian mereka.Dalam Earth Wars: Pertempuran memperebutkan Sumber Daya Global, Jurnalis dan Pakar Bisnis Asia Geoff Hiscock melakukan penelaahan mendalam terhadap masa depan energi kita. Dia menganalisis teknologi baru, para pemain kunci, peningkatan ketegangan, dan kemungkinan hasil dari tema pokok abad keduapuluh satu: kepemilikan sumber daya.</subfield>
    </datafield>
    <datafield tag="856" ind1="#" ind2="#">
      <subfield code="a">Perpustakaan Lembaga Administrasi Negara</subfield>
    </datafield>
    <datafield tag="990" ind1="#" ind2="#">
      <subfield code="a">141217101</subfield>
    </datafield>
    <datafield tag="990" ind1="#" ind2="#">
      <subfield code="a">141217102</subfield>
    </datafield>
    <datafield tag="990" ind1="#" ind2="#">
      <subfield code="a">141217102</subfield>
    </datafield>
    <datafield tag="990" ind1="#" ind2="#">
      <subfield code="a">141217101</subfield>
    </datafield>
    <datafield tag="990" ind1="#" ind2="#">
      <subfield code="a">141217101</subfield>
    </datafield>
    <datafield tag="990" ind1="#" ind2="#">
      <subfield code="a">141217102</subfield>
    </datafield>
  </record>
</collection>
